000 00416nmm a2200145Ia 4500
008 251105s9999||||xx |||||||||||||||||und||
041 _aspa
100 _aSánchez Adalid, Jesús
245 0 _aEl caballero de Alcántara
264 _a[Madrid, España] :
_bEdiciones B,
_c2013
300 _a464 páginas
650 _aHistorical fiction
856 _uhttps://public.digitaliapublishing.com/a/53191
942 _cCF
999 _c104753
_d104753